000 00478nam a2200169Ia 4500
008 230718s9999 xx 000 0 und d
020 _a9780521899086
041 _aeng
082 _a610.28
_bWIL
100 _aWilliams D.
_9159444
245 _aEssential Biomaterials Science
260 _c2014
_bCambridge
300 _a640
_dRef 1639 E ME (51450)
365 _cRs.
_b5964.00
700 _aWilliams D.
_9159444
906 _dO:0463102-Sep-2015B:176623-May-2015
_cME ETC
_b1491
999 _c340243
_d340243